Avances y prospectiva en la proteccin̤ jurd̕ico-social de las personas en situacin̤ de vulnerabilidad

Bibliographic Details
Main Author: Torres Fernǹdez, Cristb̤al
Other Authors: Jerez Rivero, Wilbemis, de la Serna Tuya, Juan Moisš, Garca̕ Vidal, Marcos
Format: eBook
Language:Spanish
Published: Madrid: Dykinson, 2022
Subjects:
Online Access:Acceso restringido

MARC

LEADER 00000nam a22000007a 4500
005 20220920020333.0
007 cr|||| ||||
008 220920s2022 es |||||s|||| 00||0 spa d
020 |a 978-84-1122-405-5 
035 |a 37100 
040 |a vLex 
090 |c 13973  |d 13973 
100 1 |a Torres Fernǹdez, Cristb̤al 
245 1 0 |a Avances y prospectiva en la proteccin̤ jurd̕ico-social de las personas en situacin̤ de vulnerabilidad  |h [Recurso electrn̤ico] /  |c Cristb̤al Torres Fernǹdez, Wilbemis Jerez Rivero, Juan Moisš de la Serna Tuya, Marcos Garca̕ Vidal 
256 |a Servicio en ln̕ea 
260 |a Madrid:  |b Dykinson,  |c 2022 
300 |a 1 recurso electrn̤ico 
500 |a El colectivo que comprende las personas socialmente vulnerables es muy amplio, abarcando realidades que incluyen desde la orfandad por violencia de gňero, la brecha digital que dificulta la vida de las personas mayores o la compleja reinsercin̤ de los presos aquejados de alguna drogodependencia. Dentro de esta condicin̤ de vulnerabilidad, la cuestin̤ jurd̕ica cobra especial relevancia. Si las personas con dificultades no se encuentran amparadas por un sistema judicial que les permita un fc̀il acceso y garantice su proteccin̤ en determinados supuestos, sus dificultades vitales aumentan exponencialmente. El siguiente manual ofrece una panorm̀ica actual y diversa de diferentes aspectos jurd̕icos, educativos y legales que afectan de modo directo a las personas de los colectivos ms̀ desfavorecidos. Mediante diferentes perspectivas temt̀icas, geogrf̀icas y sociales, los autores trazan un boceto de las ln̕eas maestras que constituyen hoy el marco jurd̕ico de defensa de las personas vulnerables, incidiendo particularmente en aquellos aspectos susceptibles de mejora. El objetivo es el de abordar jurd̕icamente las desigualdades de los grupos con mayores dificultades, de modo que el m̀bito legal constituya un mecanismo ms̀ para lograr una igualdad efectiva de todos los ciudadanos y poder hacer frente a las necesidades de estas personas. 
506 1 |a Disponible solo en los productos indicados  |d vLex Global  |d vLex Global (Academic Edition, excluding Law Schools)  |d vLex Global (U.S. Academic Edition, Law Schools)  |d vLex Global (U.S. Academic Edition, excluding Law Schools)  |d vLex Global (Academic Edition, Law Schools) 
650 0 4 |a Derecho Constitucional  |z Espaą 
650 0 4 |a Derecho Militar  |z Espaą 
700 1 |a Jerez Rivero, Wilbemis 
700 1 |a de la Serna Tuya, Juan Moisš 
700 1 |a Garca̕ Vidal, Marcos 
740 0 |a vLex Libros (Servicio en ln̕ea) 
856 4 0 |u https://app.vlex.com/#/sources/37100  |z Acceso restringido 
942 |c BOOK 
999 0 |a Constitutional Law 
999 0 |a Military Law